| Tag |
First Indicator |
Second Indicator |
Subfields |
| LEADER |
00000cam a2200000 a 4500 |
| 001 |
in00000070826 |
| 005 |
20151008061925.0 |
| 008 |
781107m1975 mau 00000 eng d |
| 020 |
|
|
|a 0816100144
|
| 035 |
|
|
|a (OCoLC)04351010
|
| 035 |
|
|
|9 AAJ9142AM
|
| 040 |
|
|
|a EYM
|c EYM
|d m.c.
|d TXA
|d UtOrBLW
|
| 049 |
|
|
|a TXAM
|c [1501682]
|
| 090 |
|
|
|a Z2011
|b .N55 Suppl. 1
|
| 110 |
2 |
|
|a Berg Collection.
|
| 245 |
1 |
0 |
|a Dictionary catalog of the Henry W. and Albert A. Berg Collection of English and American literature :
|b first supplement.
|
| 264 |
|
1 |
|a Boston, Mass. :
|b G.K. Hall,
|c 1975.
|
| 300 |
|
|
|a v, 757 pages ;
|c 36 cm.
|
| 336 |
|
|
|a text
|b txt
|2 rdacontent
|
| 337 |
|
|
|a unmediated
|b n
|2 rdamedia
|
| 338 |
|
|
|a volume
|b nc
|2 rdacarrier
|
| 500 |
|
|
|a At head of title: The New York Public Library. Astor, Lenox & Tilden Foundations. The Research Libraries.
|
| 650 |
|
0 |
|a English literature
|v Bibliography
|v Catalogs.
|
| 650 |
|
0 |
|a American literature
|v Bibliography
|v Catalogs.
|
| 710 |
2 |
|
|a New York Public Library.
|b Research Libraries.
|
| 999 |
|
|
|a MARS
|
| 999 |
f |
f |
|s 8ad6dbe2-a72c-3674-a532-99ba18e6f0fa
|i 3b6daf14-54bc-36b9-b589-193888d282bd
|t 0
|
| 952 |
f |
f |
|p storage
|a Texas A&M University
|b J.J. Pickle Campus
|c High Density Repository
|d Remote Storage
|t 0
|e Z2011 .N55 Suppl.1
|h Library of Congress classification
|i unmediated -- volume
|m A14806264065
|
| 998 |
f |
f |
|a Z2011 .N55 Suppl.1
|t 0
|l Remote Storage
|